000 00398 a2200145 4500
245 _aLes Troubles des conduites alimentaires : résultats d'une enquête épidémiologique réalisés dans le Sud-Nante-Marne
100 _aLedoux, S.
700 _aChoquet, M.
260 _c1991
300 _a73 p.
035 _a6817
999 _c18082
_d18082